| 000 | 00444pab a2200157 454500 | ||
|---|---|---|---|
| 008 | 180718b1988 xxu||||| |||| 00| 0 eng d | ||
| 100 | _aDholakia, Ravindra H. | ||
| 245 | _aSome issues in microlevel planning based on experience of action research in India | ||
| 260 | _c1988 | ||
| 300 | _a92-104 | ||
| 362 | _aJune | ||
| 650 | _aDistrict Administration - India | ||
| 700 | _aSudarshan Iyengar | ||
| 773 | _aMan & Development | ||
| 909 | _a7339 | ||
| 999 |
_c7339 _d7339 |
||